Euroopan maantiedettä kirjaimittain - S #1 - Statistics

Yleistilastot
  • Tätä visaa on pelattu 1 171 kertaa
  • Keskiarvotulos 13 / 20
Vastaustilastot
Vihje Vastaus % Oikein
Norja, Ruotsi ja Venäjä ovat tämän valtion naapurimaat Suomi
100%
Vuosina 1949–1990 kahteen osaan jakautunut valtio Saksa
93%
Norjan, Ruotsin ja Tanskan muodostama alue Skandinavia
92%
Edinburgh on tämän "maan" pääkaupunki Skotlanti
92%
Puolueeton valtio Alpeilla Sveitsi
92%
Bulgarian pääkaupunki Sofia
91%
Pariisin läpi virtaava joki Seine
87%
Sana "mafia" on peräisin tältä saarelta Sisilia
82%
Entisen Jugoslavian valtioista rikkain Slovenia
78%
Viron suurin saari Saarenmaa
64%
Vuonna 1914 tässä kaupungissa tapahtunut salamurha johti ensimmäiseen maailmansotaan Sarajevo
61%
Välimeren toiseksi suurin saari Sardinia
60%
Mozartin syntymäpaikkana tunnettu kaupunki Itävallassa Salzburg
55%
Poneistaan tunnettu saaristo Isosta-Britanniasta pohjoiseen Shetlanti
53%
Andalusian pääkaupunki Sevilla
49%
Ranskan kaupunki, jossa EU-parlamentti sijaitsee Strasbourg
48%
Pitkään Tanskalle kuulunut alue Ruotsin eteläosissa Skåne
44%
Pyhiinvaeltajien kohde Espanjan luoteisosissa {Santiago} de Compostela
43%
Tämän Ranskan joen ympäristössä käytiin ensimmäisen maailmansodan verisin taistelu Somme
22%
Pääosin Puolan luonaisosissa sijaitseva historiallinen alue Sleesia
19%
Ehtoja vastaavia visoja ei löytynyt
Tulosjakauma
Jokaisen tuloksen saaneiden osuus
Persentiili vastausten määrän mukaan
Tuloshistoriasi
Et ole pelannut tätä visaa